Kesha or Fight Club Quiz Stats

Quiz Updated Jul 2, 2014

Challenge
Share
Tweet
Embed
Score 0/27 Timer 04:00
12 Plays Today
Lyric/Film Quote Kesha (K) or Durden (D) % Correct
'Tonight, I'ma fight till we see the sunlight.'???
96.3%
'I don't wanna die without any scars.'???
83.3%
'This... is a chemical burn.'???
82.4%
'I'm sick and tired of hearing all about my life from other b*tches.'???
79.5%
'Quit your job. Start a fight. Prove you're alive.'???
78.9%
'Do not watch. I cannot go when you watch.'???
78%
'Why would anyone confuse you with me?'???
77.4%
'Now a question of etiquette - as I pass, do I give you the ass or the crotch?'???
76.6%
'We're the by-products of a lifestyle obsession.'???
75.2%
'I'm telling you 'bout the **** we do. We're sellin' our clothes, sleepin' in cars.'???
75.1%
'Hope you know how to swim - ha ha ha, I always win.'???
73%
'I'll string you up to have some fun.'???
71.6%
'Though we've never met, you're all mine inside my head.'???
71.5%
'I signed up for a man, but you are just a b*tch.'???
70.3%
Lyric/Film Quote Kesha (K) or Durden (D) % Correct
'If you don't just tell me you love me, there are gonna be some consequences.'???
69.5%
'You're not how much money you have in the bank. You're not the car you drive.'???
67%
'I want your liver on a platter, use your finger to stir my tea.'???
63.2%
'All the ways you wish you could be, that's me.'???
62.7%
'I'd give a toast and break bottles on the asphalt, and watch the world explode...'???
60.7%
'Drink that Kool-Aid, follow my lead. Now you're one of us...'???
59.9%
'So just ask. Cut the foreplay and just ask.'???
58%
'...some guy's name on my underwear. Rogaine, Viagra, Olestra.'???
57.7%
'You'll wear leather clothes that will last you the rest of your life.'???
47.7%
'Paradoxically, the next time you come for me, I won't remember - no, I won't remember you.'???
45.5%
'I did it, but I'm sorry. Well, I'm really not that sorry.'???
44.4%
'My irrational mind's playing tricks on me.'???
42%
'You can't imagine the immensity of the **** I'm not giving.'???
35.3%

You're not logged in!

Compare scores with friends on all Sporcle quizzes.
Sign Up with Email
OR
Log In

You Might Also Like...

Show Comments

Extras

Top Quizzes Today


Score Distribution

Your Account Isn't Verified!

In order to create a playlist on Sporcle, you need to verify the email address you used during registration. Go to your Sporcle Settings to finish the process.